| 000 | 00506nam a2200145 4500 | ||
|---|---|---|---|
| 001 | 126806 | ||
| 003 | ES-MaACL | ||
| 007 | t| | ||
| 008 | 070214s1914 sp r ||||1| spa d | ||
| 100 | 1 |
_aRiba García, Carlos. _996702 |
|
| 245 | 1 | 3 |
_aEl Consejo Supremo de Aragón en el reinado de Felipe II _b: estudio y transcripción de los documentos originales / _cpor Carlos Riba García. |
| 260 |
_aValencia : _bTipografía Moderna, _c1914. |
||
| 300 |
_aXCIX, 385 p. ; _c26 x 18 cm. |
||
| 852 |
_aES-MaACL _jB-4923 |
||
| 999 |
_c126806 _d126806 |
||